| 000 | 00509nam a2200181Ia 4500 | ||
|---|---|---|---|
| 001 | 19885 | ||
| 005 | 20260306172725.0 | ||
| 008 | 260306t2010||||xx |||||||||||||| ||spa|| | ||
| 041 | _aESP | ||
| 082 |
_a341.4 _bA37 |
||
| 100 |
_aAlexy, Robert _eAUT |
||
| 245 | 0 |
_aTeoría de la argumentación jurídica: _bla teoría del discurso racional como teoría de la fundamentación jurídica |
|
| 260 | _c2010 | ||
| 300 |
_a000 páginas : _c00 cm. |
||
| 650 | _aGEN | ||
| 654 | _aCDE | ||
| 942 |
_cLIB _dJUS _fJUS _2ddc _n |
||
| 999 |
_c19885 _d19885 |
||